000 00870nam a2200265Ia 4500
001 21781
005 20260320113312.0
008 260320s9999||||xx |||||||||||||| ||und||
020 _a9786123155681
041 _aESP
082 _a985.033
_bT94
100 _aTúpac Amaru Bastidas, Fernando,
_eAUT
245 0 _aEste cautiverio y agonía sin fin :
_bFernando Túpac Amaru Bastidas
246 _a
_5
_b
250 _aPrimera edición
260 _aLima :
_bEditorial San Marcos,
_c2018
300 _a294 páginas :
_bilustraciones ;
_c25 cm.
_e
440 _a
_n
_v
650 _aHIS
653 _aTúpac Amaru Bastidas, Fernando, 1768-1798; Perú - Historia - Virreinato, 1555-1808
654 _aCHU
700 _aAyala, José Luis,
_cADA
856 _uhttps://www-jstor-org.ucsp.lookproxy.com/
_zVéase además: Base de datos JSTOR
942 _cLIB
_dJUS
_fMAT
_2ddc
_n
999 _c21781
_d21781